000 00247nam a22001217a 4500
003 SGT
082 _a537, HAY
100 _aW H HAYT
245 _aENGINEERING ELECTROMAGNETICS
250 _a8th
260 _aNEW DELHI
_bTMH
_c2014
942 _2ddc
_cCD
999 _c10892
_d10892